Geography of Texas on a Map - Statistics

General Stats
  • This quiz has been taken 499 times
  • The average score is 12 of 27
Answers on the Map
Answers color-coded by a green-red scale on the quiz's map according to % correct below.
 
Answer Stats
Category Answer % Correct
City Dallas
97%
City Houston
97%
City Austin
93%
River Rio Grande
91%
City San Antonio
89%
City El Paso
88%
City Corpus Christi
76%
River Red
71%
City Brownsville
67%
Island Galveston
58%
National Park Big Bend
55%
River Colorado
49%
River Brazos
47%
National Park Guadalupe Mountains
38%
Desert Chihuahua
35%
River Pecos
35%
Island Padre
33%
River Sabine
26%
River Canadian
24%
Lake Caddo
9%
Lake Toledo Bend
9%
Lake Sam Rayburn
8%
Lake Livingston
6%
Mountain Emory
5%
Lake Falcon International
5%
Island San Jose
5%
Mountain Livermore
3%
No matching quizzes found
Score Distribution
Percent of People with Each Score
Percentile by Number Answered
Your Score History
You have not taken this quiz